Mineralnye Vody Airport Destinations (Mineralnye Vody, Russia) - Statistics

General Stats
  • This quiz has been taken 10 times
    3 since last reset
  • The average score is 33 of 65
Answer Stats
Airline Destination % Correct
azimuth Almaty
100%
Aeroflot/azimuth/Azur Air/Southwind Airlines/Ural Airlines Antalya
100%
Red Wings Airlines Astana
100%
Red Wings Airlines Bodrum
100%
azimuth Dubai (Al Maktoum)
100%
flydubai Dubai (International)
100%
Red Wings Airlines Hurghada
100%
azimuth/Red Wings Airlines Istanbul
100%
azimuth Minsk
100%
NordStar/S7 Airlines/Ural Airlines Moscow (Domodedovo)
100%
Aeroflot/Pobeda/Rossiya Moscow (Shermetyevo)
100%
Pobeda/Utair/Yakutia Airlines Moscow (Vnukovo)
100%
NordStar/Yamal Airlines Norilsk
100%
Aeroflot/Pobeda/Rossiya/Smartavia Saint Petersburg
100%
AlMasria Universal Airlines/Red Wings Airlines/Ural Airlines Sharm El Sheikh
100%
azimuth/Centrum Air/Uzbekistan Airways Tashkent
100%
azimuth/Red Wings Airlines Tbilisi
100%
Rossiya/Ural Airlines Yekaterinburg
100%
Aeroflot/azimuth/Red Wings Airlines Yerevan
100%
azimuth Astrakhan
50%
azimuth/Red Wings Airlines Batumi
50%
azimuth Chelyabinsk
50%
Ural Airlines Dushanbe
50%
azimuth Kaliningrad
50%
Nordwind Airlines Kazan
50%
azimuth Kemerovo
50%
Ural Airlines Khujand
50%
Rossiya Krasnoyarsk (International)
50%
azimuth Makhachkala
50%
Ikar/Nordwind Airlines Nizhny Novgorod
50%
S7 Airlines Novosibirsk
50%
Yamal Airlines Novy Urengoy
50%
azimuth/Red Wings Airlines Omsk
50%
azimuth/Ikar Orenburg
50%
Ural Airlines Osh
50%
azimuth Perm
50%
azimuth Samara
50%
azimuth Samarqand
50%
azimuth Saratov
50%
azimuth Sochi
50%
azimuth/Utair Surgut
50%
azimuth/Red Wings Airlines Tel Aviv
50%
azimuth/Utair/Yamal Airlines Tyumen
50%
azimuth/Utair Ufa
50%
azimuth Ulyanovsk (Barartayevka)
50%
Yakutia Airlines Yakutsk
50%
azimuth Cheboksary
0%
Severstal Air Company Cherepovets
0%
azimuth Ivanovo
0%
Izhavia Izhevsk
0%
azimuth Kaluga
0%
azimuth Khanty-Mansiysk
0%
azimuth Kirov
0%
azimuth Magnitogorsk
0%
azimuth Nizhnekamsk
0%
azimuth Nizhnevartorvsk
0%
Utair/Yamal Airlines Noyabrsk
0%
azimuth Penza
0%
Severstal Air Company Petrozavodsk
0%
azimuth Pskov
0%
Yamal Airlines Salekhard
0%
azimuth Saransk
0%
azimuth Syktyvkar
0%
Red Wings Airlines Ulan-Ude
0%
azimuth Yaroslval
0%
No matching quizzes found
Score Distribution
Percent of People with Each Score
Percentile by Number Answered
Your Score History
You have not taken this quiz since the last reset